000 00724nam a2200205Ii 4500
003 JO-AjNU
008 230605s9999||||xx |||||||||||||| ||und||
017 _a1989/4/220
040 _aJO-AjNU
_bara
_erda
_cJO-AjNU
041 _aara
050 1 4 _aLB1131.H8744 1989
100 3 _aتأليف عبد الرحمن، حسين راضي ؛ م.مشارك زايد خالد مصطفى مقابلة,
_eauthor
_952825
245 0 0 _aطرق تعليم الأطفال القراءة والكتابة
264 3 1 _aإربد: دار الكندي، 1989
300 _a174ص
336 _atext
_btxt
_2rdacontent
337 _aunmediated
_bn
_2rdamedia
338 _avolume
_bnc
_2rdacarrier
650 4 _aتعليم الأطفال
_952826
999 _aA23423
_c26991
_d26991